Central Library OPAC University of Rajshahi

ভারতবর্ষের অধিবাসীর পরিচয় / (Record no. 78549)

MARC details
000 -LEADER
fixed length control field 00868nam a2200205 a 4500
001 - CONTROL NUMBER
control field 78549
003 - CONTROL NUMBER IDENTIFIER
rucl marc code BD-RjUL
005 - DATE AND TIME OF LATEST TRANSACTION
control field 20211209083136.0
008 - FIXED-LENGTH DATA ELEMENTS--GENERAL INFORMATION
fixed length control field 211004s1980 ii ||||| |||| 00| 0 ben d
035 ## - SYSTEM CONTROL NUMBER
System control number (BD-RjUL)78775
040 ## - CATALOGING SOURCE
Original cataloging agency BD-RjUL
Language of cataloging eng
Transcribing agency BD-RjUL
041 ## - LANGUAGE CODE
Language code of text/sound track or separate title ben
082 ## - DEWEY DECIMAL CLASSIFICATION NUMBER
Edition number 23
Classification number 305.800954
Author mark and year CHB 1980
245 ## - TITLE STATEMENT
Title ভারতবর্ষের অধিবাসীর পরিচয় /
Statement of responsibility, etc. ননীমাধব চৌধুরী
260 ## - PUBLICATION, DISTRIBUTION, ETC. (IMPRINT)
Place of publication, distribution, etc. কলিকাতা :
Name of publisher, distributor, etc. বঙ্গীয় বিজ্ঞান পরিষদ ;
-- পশ্চিমবঙ্গ রাজ্য পুস্তক পর্ষদ,
Date of publication, distribution, etc. ১৯৮০
300 ## - PHYSICAL DESCRIPTION
Pagination ৩০০ পৃ.;
Size ২২ সেমি.
650 ## - SUBJECT ADDED ENTRY--TOPICAL TERM
Topical term or geographic name as entry element জাতিবিজ্ঞান
Geographic subdivision দক্ষিণ এশিয়া
9 (RLIN) 248494
Topical term or geographic name as entry element Ethnology
Geographic subdivision South Asia.
9 (RLIN) 248848
942 ## - ADDED ENTRY ELEMENTS (KOHA)
Source of classification or shelving scheme Dewey Decimal Classification
Koha item type Books
Holdings
Lost status Source of classification or shelving scheme Damaged status Not for loan Collection code Permanent Location Current Location Shelving location Date acquired Source of acquisition Cost, normal purchase price Total Checkouts Full call number Date last seen Copy number Koha item type
  Dewey Decimal Classification   Not For Loan Non-fiction Central Library, University of Rajshahi Central Library, University of Rajshahi Reading Room 05/04/1982 Calcutta India International 8.00   B 305.800954 CHB 1980 04/10/2021 C-1 Books